Manuel de paléontologie / (Record no. 155508)

MARC details
000 -LEADER
campo de control de longitud fija 00706nam a22002175i 4500
001 - NÚMERO DE CONTROL
campo de control 155508
003 - IDENTIFICADOR DE NÚMERO DE CONTROL
campo de control ES-MaACL
005 - FECHA Y HORA DE LA ÚLTIMA TRANSACCIÓN
campo de control 20250814080955.0
008 - DATOS DE LONGITUD FIJA--INFORMACIÓN GENERAL
campo de control de longitud fija 000818s1886 fr a |||| | fre d
040 ## - FUENTE DE CATALOGACIÓN
Centro catalogador/agencia de origen CCPB | B
Lengua de catalogación spa
Centro/agencia transcriptor CCPB | B
100 1# - ENTRADA PRINCIPAL--NOMBRE DE PERSONA
Nombre de persona Hoernes, R.
9 (RLIN) 128011
245 10 - MENCIÓN DEL TÍTULO
Título Manuel de paléontologie /
Mención de responsabilidad, etc. R. Hoernes ; traduit de l'allemand par L. Dollo.
260 ## - PUBLICACIÓN, DISTRIBUCIÓN, ETC.
Lugar de publicación, distribución, etc. Paris :
Nombre del editor, distribuidor, etc. Librairie F. Savy,
Fecha de publicación, distribución, etc. 1886 (
Fabricante Brodard et Gallois)
300 ## - DESCRIPCIÓN FÍSICA
Extensión 741 p. :
Otras características físicas il. ;
Dimensiones 25 cm.
650 #7 - PUNTO DE ACCESO ADICIONAL DE MATERIA--TÉRMINO DE MATERIA
Término de materia o nombre geográfico como elemento de entrada Paleontología
Fuente del encabezamiento o término embne
9 (RLIN) 15808
700 11 - ENTRADA AGREGADA--NOMBRE PERSONAL
Nombre de persona Dollo, L.,
Término indicativo de función/relación
9 (RLIN) 126815
752 ## - ENTRADA AGREGADA--NOMBRE JERÁRQUICO DEL LUGAR
País o entidad superior Francia -
Ciudad París
852 ## - LOCALIZACIÓN
Ubicación ES-MaACL
Número de control de estantería A-4923
Nota libre -- Enc. hol.
Holdings
Estatus retirado Estado de pérdida Estado de daño No para préstamo Colección Biblioteca de origen Biblioteca actual Ubicación en estantería Fecha de adquisición Fuente de adquisición Total de préstamos Signatura topográfica completa Código de barras Visto por última vez Precio de reemplazo Tipo de ítem Koha
        Libros del s. XIX Biblioteca del Ateneo de Madrid Biblioteca del Ateneo de Madrid Sala Pecera Planta 1 17/01/2008     A-4923 1162665 23/02/2023 23/02/2023 Libro impreso antiguo